Dragon Ball Z - 24th World Martial Arts Tournament Competitors - Statistics

General Stats
  • This quiz has been taken 169 times
  • The average score is 3 of 7
Answer Stats
Result Fighter % Correct
Winner Mr. Satan
97%
Jr. Division Winner Videl
65%
Contestant Spopovich
43%
Contestant Mighty Mask
24%
Runner-Up Jewel
23%
Contestant Killa
20%
Contestant Pintar
20%
No matching quizzes found
Score Distribution
Percent of People with Each Score
Percentile by Number Answered
Your Score History
You have not taken this quiz